Anagrama de las provincias de Argentina - Estadísticas

Estadísticas generales
  • Esta prueba ha sido intentada 61 veces
  • La puntuación promedio es 23 de 23
Estadísticas de respuestas
Pista Respuesta % Correcto
atacamrac Catamarca
100%
orcobad Cordoba
100%
jyuju Jujuy
100%
lpaapma La Pampa
100%
azomden Mendoza
100%
isonesmi Misiones
100%
tlasa Salta
100%
usananj San Juan
100%
afntaes Santa Fe
100%
fudeltieaerrog Tierra del Fuego
100%
uctuman Tucuman
100%
uenbireasos Buenos Aires
98%
cocah Chaco
98%
orfomas Formosa
98%
rilajao La Rioja
98%
buthcu Chubut
96%
nqeuneu Neuquen
96%
groneroi Rio Negro
96%
nsalius San Luis
96%
essaangotiledorte Santiago del Estero
96%
teensocrri Corrientes
94%
roistrene Entre Rios
94%
sczantuar Santa Cruz
91%
No se encontraron pruebas coincidentes
Distribución de puntuación
Porcentaje de gente con cada puntuación
Porcentaje por número respondido
Historial de tus puntuaciones
No has intentado esta prueba.